| Tag |
First Indicator |
Second Indicator |
Subfields |
| LEADER |
00000cam a2200000La 4500 |
| 001 |
in00001574471 |
| 005 |
20220103181535.0 |
| 006 |
m u |
| 007 |
cr cn- |
| 008 |
001009s1998 txuab sb 001 0 eng d |
| 010 |
|
|
|z 97033934
|
| 020 |
|
|
|a 0585184607 (electronic bk.) :
|c $14.95
|
| 020 |
|
|
|z 0292708610 (alk. paper)
|
| 020 |
|
|
|z 0292708629 (pbk. : alk. paper)
|
| 035 |
|
|
|a (OCoLC)ocm44959857
|
| 040 |
|
|
|a N$T
|c N$T
|d OCL
|d UtOrBLW
|
| 043 |
|
|
|a a------
|a f------
|a e-sp---
|
| 049 |
|
|
|a IKMN
|
| 050 |
1 |
4 |
|a BP50
|b .B65 1998eb
|
| 082 |
0 |
4 |
|a 297/.09
|2 21
|
| 100 |
1 |
|
|a Bogle, Emory C.,
|d 1937-
|0 http://id.loc.gov/authorities/names/n95033287
|
| 245 |
1 |
0 |
|a Islam :
|b origin and belief /
|c Emory C. Bogle.
|
| 264 |
|
1 |
|a Austin :
|b University of Texas Press,
|c 1998.
|
| 300 |
|
|
|a xxvii, 162 pages :
|b illustrations, maps ;
|c 23 cm.
|
| 336 |
|
|
|a text
|b txt
|2 rdacontent
|
| 337 |
|
|
|a computer
|b c
|2 rdamedia
|
| 338 |
|
|
|a online resource
|b cr
|2 rdacarrier
|
| 504 |
|
|
|a Includes bibliographical references and index.
|
| 505 |
0 |
|
|a Introduction -- Chronology of Islam -- Muhammad and the origin of Islam -- Islamic belief and practice -- Islamic expansion : 570 to 1517 -- Shi'i Islam -- Confrontation with modern secularism -- Shi'i response to secularism.
|
| 533 |
|
|
|a Electronic reproduction.
|b Boulder, Colo. :
|c NetLibrary,
|d 2000.
|n Available via the World Wide Web.
|n Available in multiple electronic file formats.
|n Access may be limited to NetLibrary affiliated libraries.
|
| 500 |
|
|
|a Electronic resource.
|
| 650 |
|
0 |
|a Islam
|x History.
|0 http://id.loc.gov/authorities/subjects/sh87000556
|
| 651 |
|
0 |
|a Islamic Empire
|x History.
|0 http://id.loc.gov/authorities/subjects/sh85068446
|
| 650 |
|
0 |
|a Shīʻah
|x History.
|0 http://id.loc.gov/authorities/subjects/sh2008111614
|
| 650 |
|
0 |
|a Islam
|x Doctrines.
|0 http://id.loc.gov/authorities/subjects/sh85068396
|
| 655 |
|
7 |
|a Electronic books.
|2 local
|
| 710 |
2 |
|
|a NetLibrary, Inc.
|0 http://id.loc.gov/authorities/names/no99080690
|
| 776 |
1 |
|
|c Original
|w (DLC) 97033934
|w (OCoLC)37782900
|
| 856 |
4 |
1 |
|u https://proxy.library.tamu.edu/login?url=http://www.netLibrary.com/urlapi.asp?action=summary&v=1&bookid=33679
|z Connect to the full text of this electronic book
|t 0
|
| 994 |
|
|
|a 92
|b IKM
|
| 999 |
|
|
|a MARS
|
| 999 |
f |
f |
|s 18f266d7-5fe2-3cdb-91ea-730b9b87de01
|i 10a7cecf-537b-36c2-b344-1e40e956d80e
|t 0
|
| 952 |
f |
f |
|a Texas A&M University
|b College Station
|c Electronic Resources
|d Available Online
|t 0
|e BP50 .B65 1998eb
|h Library of Congress classification
|
| 998 |
f |
f |
|a BP50 .B65 1998eb
|t 0
|l Available Online
|